| 000 | 00797nam a2200241 a 4500 | ||
|---|---|---|---|
| 001 | 1711169 | ||
| 003 | AM-YEHGA | ||
| 005 | 20250618080119.0 | ||
| 008 | 221020s2020 ai ||||gr|||||||||1|arm|d | ||
| 020 | _a9789939687773 | ||
| 040 | _aAM-YeHGA | ||
| 041 | 1 |
_aarm _hger |
|
| 100 | 1 | _aՇլինկ, Բերնհարդ | |
| 245 | 1 | 0 |
_aՓախուստ սիրուց = _bLiebesfluchten / Պատմվածքներ _cԲ. Շլինկ ; Թարգմ.՝ Գ. Գինոյան. |
| 246 | 1 | 5 | _aLiebesfluchten |
| 260 |
_aԵրևան : _bԶանգակ, _c2020. |
||
| 300 |
_a320 էջ ; _c20 սմ. |
||
| 490 | 0 | _aԱշխարհը հայերենով | |
| 650 | 1 | 4 |
_aԳերմանական գրականություն _95149 |
| 700 | 1 |
_aԳինոյան, Գայանե _eթարգմ. _4trl |
|
| 942 |
_2udc _cBK |
||
| 090 | _c565911 | ||
| 999 |
_c527792 _d527792 |
||